Представление документа в формате MARC21

Поле Инд. ПП Название Значение
Тип записи a
Библиографический уровень m
001 Контрольный номер 4e1f00d2-c3a0-420e-b70b-2937ea676872
005 Дата корректировки 20140227060008.5
020 a ISBN В пер.
c Цена, тираж 3 р. 20 к.
040 a Служба первич. каталог. RuMoRKP
a Служба первич. каталог. НБ ТвГУ
041 00 a Код языка текста rus
080 00 a Индекс УДК 76.071.1(47+57)
080 a Индекс УДК 769.2
080 a Индекс УДК 929Кибрик
084 a Индекс другой классификации/Индекс ББК Щ153(2Рос=411.2)6-8Кибрик Е.А.ю14
084 a Индекс другой классификации/Индекс ББК Щ157
090 a Полочн. индекс 76С2
x Авторский знак К 38
100 _0 a Автор Кибрик Евгений Адольфович
q Полное имя Кибрик Е. А.
245 00 a Заглавие Работа и мысли художника
c Ответственность [предисл. О. Верейского ; послесл. И. Кибрик]
260 a Место издания Москва
b Издательство Искусство
c Дата издания 1984
300 a Объем 255 с.
b Иллюстрации/ тип воспроизводства ил.
c Размеры 25 см
504 a Библиография Библиогр. в примеч.: с. 252-254
653 a Ключевые слова Графика
a Ключевые слова Графики
a Ключевые слова Изобразительное искусство
a Ключевые слова Искусство
a Ключевые слова История графики
a Ключевые слова Книжная графика
a Ключевые слова Русская графика
a Ключевые слова Русские графики
a Ключевые слова Русские художники
a Ключевые слова Художники
700 1_ a Другие авторы Верейский Орест
e Роль лиц авт. вступ. ст.
700 1_ a Другие авторы Кибрик И.
e Роль лиц авт. вступ. ст.
852 q Физ. особенности экз.
920 a Оператор Рунт
930 a Новая/Ретро персоналии
954 a Дата поступления на обработку 20100531